| 000 | 011130000a22003130004500 | ||
|---|---|---|---|
| 003 | EG-GICUC | ||
| 005 | 20250223033005.0 | ||
| 008 | 070419s2001 ua h f m 000 0 Eng d | ||
| 040 |
_aEG-GICUC _beng _cEG-GICUC |
||
| 041 | 0 | _aEng | |
| 049 | _aDeposite | ||
| 097 | _aPh.D | ||
| 099 | _aCai01.12.21.Ph.D.2001.Ji.M | ||
| 100 | 0 | _aJihan Seid Hussein Soliman | |
| 245 | 1 | 0 |
_aMethanol and cell membrane / _cJihan Seid Hussein Soliman ; Supervised Khadiga Mohamed Gaafar , Zakaria Elkhayat |
| 246 | 1 | 5 | _aتقييم بعض المصادر الوراثية من الكانولا بالنسبة لتحمل الجفاف |
| 260 |
_aCairo : _bJihan Seid Hussein Soliman , _c2001 |
||
| 300 |
_a95P ; _c30cm |
||
| 502 | _aThesis (PH.D.) - Cairo University - Faculty Of Science - Department Of Zoology | ||
| 530 | _aIssued also as CD | ||
| 653 | 4 | _aCell membrane | |
| 653 | 4 | _aMethanol | |
| 700 | 0 |
_aKhadiga Mohamed Gaafar , _eSupervisor |
|
| 700 | 0 |
_aZakaria Elkhayat , _eSupervisor |
|
| 856 | _uhttp://172.23.153.220/th.pdf | ||
| 905 |
_aAml _eCataloger |
||
| 905 |
_aEsam _eRevisor |
||
| 942 |
_2ddc _cTH |
||
| 999 |
_c85722 _d85722 |
||